| 000 | 01484cam a2200397 i 4500 | ||
|---|---|---|---|
| 001 | 17949423 | ||
| 003 | OSt | ||
| 005 | 20170105102935.0 | ||
| 008 | 131119t20142014maua b 001 0 eng c | ||
| 010 | _a 2013044257 | ||
| 020 | _a9780544046696 (hardcover) | ||
| 040 |
_aICU/DLC _beng _cICU _erda _dDLC |
||
| 042 | _apcc | ||
| 043 |
_aa-pk--- _aa-af--- _an-us--- |
||
| 050 | 0 | 0 |
_aDS371.412 _b.G35 2014 |
| 082 | 0 | 0 |
_a958.104/7 _223 _bGAL 2014 |
| 100 | 1 |
_aGall, Carlotta, _eauthor. |
|
| 245 | 1 | 4 |
_aThe wrong enemy : _bAmerica in Afghanistan, 2001-2014 / _cCarlotta Gall. |
| 250 | _a1st | ||
| 260 |
_aIndia _bPenguin books _c2014 |
||
| 300 |
_axxi, 329 pages : _billustrations ; _c24 cm |
||
| 504 | _aIncludes bibliographical references (pages 295-308) and index. | ||
| 610 | 2 | 0 | _aTaliban. |
| 610 | 1 | 0 |
_aPakistan. _bInter Services Intelligence. |
| 610 | 2 | 0 | _aQaida (Organization) |
| 650 | 0 | _aAfghan War, 2001- | |
| 651 | 0 |
_aPakistan _xPolitics and government. |
|
| 651 | 0 |
_aAfghanistan _xPolitics and government. |
|
| 651 | 0 |
_aUnited States _xForeign relations _zPakistan. |
|
| 651 | 0 |
_aPakistan _xForeign relations _zUnited States. |
|
| 651 | 0 |
_aUnited States _xForeign relations _zAfghanistan. |
|
| 651 | 0 |
_aAfghanistan _xForeign relations _zUnited States. |
|
| 906 |
_a7 _bcbc _corignew _d1 _eecip _f20 _gy-gencatlg |
||
| 942 |
_2ddc _cBK |
||
| 999 |
_c16230 _d16230 |
||